[Event "DEM U16 2017"]
[Site "Willingen GER"]
[Date "2017.06.07"]
[Round "6"]
[White "Nöldner, Julian"]
[Black "Degenhard, Simon"]
[Result "0-1"]
[Termination "normal"]
[Board "9"]
[WhiteElo "1883"]
[BlackElo "2151"]
[WhiteClock "00:02:10"]
[BlackClock "00:11:36"]
[PlyCount "64"]
[WhiteFideId "16218744"]
[BlackFideId "12944017"]
[EventCountry "GER"]
[EventRounds "9"]
[EventType "swiss"]
[EventDate "2017.06.03"]

1. Nf3 {[%clk 1:30:20]} 1... c5 {[%clk 1:30:53]} 2. g3 {[%clk 1:26:39]} 2... d5
{[%clk 1:30:52]} 3. Bg2 {[%clk 1:26:45]} 3... Nc6 {[%clk 1:30:34]} 4. d4 {
[%clk 1:26:26]} 4... e6 {[%clk 1:29:54]} 5. O-O {[%clk 1:26:44]} 5... Nf6 {
[%clk 1:30:02]} 6. c4 {[%clk 1:27:06]} 6... Be7 {[%clk 1:29:32]} 7. cxd5 {
[%clk 1:27:27]} 7... exd5 {[%clk 1:29:55]} 8. Nc3 {[%clk 1:27:52]} 8... O-O {
[%clk 1:28:51]} 9. Bg5 {[%clk 1:28:13]} 9... c4 {[%clk 1:28:41]} 10. Ne5 {
[%clk 1:22:03]} 10... Be6 {[%clk 1:28:41]} 11. b3 {[%clk 1:16:53]} 11... Qa5 {
[%clk 1:24:49]} 12. Nxc6 {[%clk 1:13:11]} 12... bxc6 {[%clk 1:25:11]} 13. Na4 {
[%clk 1:13:13]} 13... Rad8 {[%clk 1:23:05]} 14. Bd2 {[%clk 0:57:21]} 14... Qa6
{[%clk 1:18:13]} 15. Qc2 {[%clk 0:48:47]} 15... Rfe8 {[%clk 1:07:24]} 16. e3 {
[%clk 0:46:17]} 16... Rb8 {[%clk 0:59:26]} 17. Rfc1 {[%clk 0:44:23]} 17... Ba3
{[%clk 0:56:04]} 18. Re1 {[%clk 0:31:18]} 18... Red8 {[%clk 0:47:17]} 19. Bc3 {
[%clk 0:27:41]} 19... Rb5 {[%clk 0:42:25]} 20. Bf1 {[%clk 0:22:08]} 20... Qb7 {
[%clk 0:27:38]} 21. bxc4 {[%clk 0:17:05]} 21... dxc4 {[%clk 0:27:21]} 22. Nc5 {
[%clk 0:12:40]} 22... Bxc5 {[%clk 0:25:22]} 23. dxc5 {[%clk 0:13:04]} 23...
Rxc5 {[%clk 0:23:59]} 24. Bd4 {[%clk 0:12:05]} 24... Rb5 {[%clk 0:17:21]} 25.
Bxc4 {[%clk 0:12:09]} 25... Bxc4 {[%clk 0:16:51]} 26. Qxc4 {[%clk 0:12:35]}
26... Ne4 {[%clk 0:15:47]} 27. Rad1 {[%clk 0:08:22]} 27... Ng5 {[%clk 0:14:38]}
28. Ba1 {[%clk 0:05:38]} 28... Rbd5 {[%clk 0:13:10]} 29. Rxd5 {[%clk 0:03:12]}
29... Nf3+ {[%clk 0:11:25]} 30. Kh1 {[%clk 0:02:42]} 30... cxd5 {[%clk 0:11:32]
} 31. Qg4 {[%clk 0:02:52]} 31... d4 {[%clk 0:11:25]} 32. Rd1 {[%clk 0:02:10]}
32... Ne5+ {[%clk 0:11:36]} 0-1

[Event "DEM U16 2017"]
[Site "Willingen GER"]
[Date "2017.06.07"]
[Round "6"]
[White "Wendler, David"]
[Black "Heldt, Nils-Lennart"]
[Result "0-1"]
[Termination "time forfeit"]
[Board "10"]
[WhiteElo "2022"]
[BlackElo "2135"]
[WhiteClock "00:00:46"]
[BlackClock "00:11:11"]
[PlyCount "154"]
[WhiteFideId "12938360"]
[BlackFideId "12952109"]
[EventCountry "GER"]
[EventRounds "9"]
[EventType "swiss"]
[EventDate "2017.06.03"]

1. e4 {[%clk 1:30:36]} 1... e5 {[%clk 1:30:52]} 2. Nf3 {[%clk 1:30:22]} 2...
Nc6 {[%clk 1:31:12]} 3. Bb5 {[%clk 1:29:47]} 3... f5 {[%clk 1:31:35]} 4. d3 {
[%clk 1:26:24]} 4... fxe4 {[%clk 1:31:37]} 5. dxe4 {[%clk 1:26:36]} 5... Nf6 {
[%clk 1:31:11]} 6. O-O {[%clk 1:24:55]} 6... Bc5 {[%clk 1:28:13]} 7. Qd3 {
[%clk 1:22:56]} 7... d6 {[%clk 1:27:37]} 8. Qc4 {[%clk 1:21:09]} 8... Qe7 {
[%clk 1:25:31]} 9. Nc3 {[%clk 1:19:28]} 9... a6 {[%clk 1:11:40]} 10. Bxc6+ {
[%clk 1:18:53]} 10... bxc6 {[%clk 1:11:23]} 11. Be3 {[%clk 1:15:43]} 11... Nd7
{[%clk 1:00:05]} 12. Na4 {[%clk 1:09:19]} 12... Bxe3 {[%clk 0:58:31]} 13. Qxc6
{[%clk 1:07:52]} 13... Ra7 {[%clk 0:57:01]} 14. fxe3 {[%clk 1:07:42]} 14... O-O
{[%clk 0:56:47]} 15. Nc3 {[%clk 0:54:24]} 15... Nf6 {[%clk 0:45:13]} 16. Nd5 {
[%clk 0:49:03]} 16... Nxd5 {[%clk 0:45:07]} 17. exd5 {[%clk 0:48:57]} 17... Rb7
{[%clk 0:42:16]} 18. Qc3 {[%clk 0:33:43]} 18... Bf5 {[%clk 0:42:09]} 19. Nd2 {
[%clk 0:27:21]} 19... Rbb8 {[%clk 0:35:54]} 20. b3 {[%clk 0:24:42]} 20... Qg5 {
[%clk 0:32:15]} 21. e4 {[%clk 0:23:33]} 21... Bh3 {[%clk 0:30:54]} 22. Qxh3 {
[%clk 0:19:55]} 22... Qxd2 {[%clk 0:31:04]} 23. Qd3 {[%clk 0:19:45]} 23... Qa5
{[%clk 0:28:04]} 24. a4 {[%clk 0:18:38]} 24... Qc5+ {[%clk 0:28:16]} 25. Kh1 {
[%clk 0:19:03]} 25... a5 {[%clk 0:28:29]} 26. g3 {[%clk 0:13:51]} 26... h6 {
[%clk 0:27:57]} 27. Kg2 {[%clk 0:14:07]} 27... Kh8 {[%clk 0:26:14]} 28. Rad1 {
[%clk 0:14:02]} 28... c6 {[%clk 0:23:39]} 29. Rxf8+ {[%clk 0:11:31]} 29... Rxf8
{[%clk 0:23:54]} 30. Qe2 {[%clk 0:11:19]} 30... Rc8 {[%clk 0:23:05]} 31. Rd2 {
[%clk 0:11:45]} 31... cxd5 {[%clk 0:22:34]} 32. exd5 {[%clk 0:12:06]} 32... Rf8
{[%clk 0:20:43]} 33. Qd3 {[%clk 0:10:56]} 33... Qb6 {[%clk 0:16:15]} 34. Re2 {
[%clk 0:09:39]} 34... Qd8 {[%clk 0:13:19]} 35. Qd2 {[%clk 0:07:14]} 35... Qb6 {
[%clk 0:12:06]} 36. Qd3 {[%clk 0:07:27]} 36... Qd8 {[%clk 0:12:18]} 37. Qe3 {
[%clk 0:07:13]} 37... Qa8 {[%clk 0:11:52]} 38. Rd2 {[%clk 0:05:33]} 38... Qb7 {
[%clk 0:11:33]} 39. Rd1 {[%clk 0:01:03]} 39... Qf7 {[%clk 0:10:42]} 40. Qe2 {
[%clk 0:00:45]} 40... Qb7 {[%clk 0:10:37]} 41. h4 {[%clk 0:25:59]} 41... Qf7 {
[%clk 0:39:27]} 42. Rd3 {[%clk 0:18:25]} 42... e4 {[%clk 0:34:09]} 43. Rd1 {
[%clk 0:17:59]} 43... Re8 {[%clk 0:33:36]} 44. Qe3 {[%clk 0:18:10]} 44... Qh5 {
[%clk 0:32:49]} 45. Rd2 {[%clk 0:16:48]} 45... Qe5 {[%clk 0:32:46]} 46. Rd4 {
[%clk 0:14:35]} 46... Qf5 {[%clk 0:31:10]} 47. Rd1 {[%clk 0:11:03]} 47... Rf8 {
[%clk 0:29:13]} 48. c3 {[%clk 0:09:37]} 48... Qe5 {[%clk 0:27:54]} 49. Qd4 {
[%clk 0:06:30]} 49... Qf5 {[%clk 0:26:36]} 50. Qe3 {[%clk 0:05:09]} 50... Qe5 {
[%clk 0:26:56]} 51. Qd4 {[%clk 0:04:30]} 51... Qh5 {[%clk 0:23:15]} 52. Rf1 {
[%clk 0:04:44]} 52... Rxf1 {[%clk 0:23:35]} 53. Kxf1 {[%clk 0:05:10]} 53...
Qf3+ {[%clk 0:23:57]} 54. Qf2 {[%clk 0:05:32]} 54... Qd3+ {[%clk 0:23:17]} 55.
Kg2 {[%clk 0:05:27]} 55... Qxd5 {[%clk 0:23:41]} 56. c4 {[%clk 0:05:01]} 56...
Qe5 {[%clk 0:23:24]} 57. Qe3 {[%clk 0:04:37]} 57... Kg8 {[%clk 0:23:31]} 58.
Qd2 {[%clk 0:02:58]} 58... Kf7 {[%clk 0:22:32]} 59. Kf2 {[%clk 0:02:36]} 59...
Ke6 {[%clk 0:20:27]} 60. Ke2 {[%clk 0:01:42]} 60... Qh5+ {[%clk 0:18:24]} 61.
Ke1 {[%clk 0:01:32]} 61... Qc5 {[%clk 0:17:52]} 62. Qf4 {[%clk 0:00:55]} 62...
Qd4 {[%clk 0:16:23]} 63. Qg4+ {[%clk 0:00:36]} 63... Ke7 {[%clk 0:15:59]} 64.
Ke2 {[%clk 0:00:31]} 64... Qd3+ {[%clk 0:14:34]} 65. Ke1 {[%clk 0:00:54]} 65...
Qe3+ {[%clk 0:14:40]} 66. Kf1 {[%clk 0:01:14]} 66... g5 {[%clk 0:14:38]} 67.
hxg5 67... hxg5 {[%clk 0:14:43]} 68. Kg2 {[%clk 0:01:18]} 68... Kf6 { [%clk
0:14:04]} 69. Qd1 {[%clk 0:01:16]} 69... Qc5 {[%clk 0:13:38]} 70. g4 { [%clk
0:00:53]} 70... Qe5 {[%clk 0:12:05]} 71. Qf1+ {[%clk 0:00:34]} 71... Ke6 {[%clk
0:11:53]} 72. Qd1 {[%clk 0:01:17]} 72... Ke7 {[%clk 0:12:26]} 73. Qe1 { [%clk
0:00:31]} 73... e3 {[%clk 0:11:20]} 74. Kf3 {[%clk 0:00:32]} 74... Qf4+ { [%clk
0:11:26]} 75. Ke2 {[%clk 0:01:00]} 75... Qxg4+ {[%clk 0:11:11]} 76. Kd3 { [%clk
0:01:04]} 76... Qf5+ {[%clk 0:11:11]} 77. Kd4 {[%clk 0:00:46]} 77... Qf2 0-1

[Event "DEM U16 2017"]
[Site "Willingen GER"]
[Date "2017.06.07"]
[Round "6"]
[White "Keyser, Robin"]
[Black "Junker, Magnus"]
[Result "0-1"]
[Termination "normal"]
[Board "11"]
[WhiteElo "1883"]
[BlackElo "1983"]
[WhiteClock "00:44:09"]
[BlackClock "00:06:25"]
[PlyCount "108"]
[WhiteFideId "12986429"]
[BlackFideId "16218507"]
[EventCountry "GER"]
[EventRounds "9"]
[EventType "swiss"]
[EventDate "2017.06.03"]

1. Nf3 {[%clk 1:30:53]} 1... d5 {[%clk 1:30:44]} 2. g3 {[%clk 1:31:16]} 2...
Nf6 {[%clk 1:30:07]} 3. Bg2 {[%clk 1:31:36]} 3... e6 {[%clk 1:28:12]} 4. O-O {
[%clk 1:31:48]} 4... Nbd7 {[%clk 1:27:55]} 5. d4 {[%clk 1:30:46]} 5... c5 {
[%clk 1:27:05]} 6. c4 {[%clk 1:30:40]} 6... b6 {[%clk 1:26:36]} 7. cxd5 { [%clk
1:30:47]} 7... Nxd5 {[%clk 1:26:28]} 8. e4 {[%clk 1:30:45]} 8... N5f6 { [%clk
1:24:45]} 9. Nc3 {[%clk 1:28:57]} 9... cxd4 {[%clk 1:15:07]} 10. Nxd4 { [%clk
1:29:17]} 10... Bb7 {[%clk 1:14:50]} 11. Ndb5 {[%clk 1:26:35]} 11... a6 { [%clk
0:59:29]} 12. Nd6+ {[%clk 1:26:40]} 12... Bxd6 {[%clk 0:59:26]} 13. Qxd6 {[%clk
1:27:02]} 13... Qb8 {[%clk 0:57:45]} 14. Qb4 {[%clk 1:21:55]} 14... a5 { [%clk
0:57:40]} 15. Qa3 {[%clk 1:18:21]} 15... Nc5 {[%clk 0:56:43]} 16. Be3 { [%clk
1:16:52]} 16... Nfd7 {[%clk 0:53:13]} 17. Rfd1 {[%clk 1:10:12]} 17... O-O
{[%clk 0:51:53]} 18. Bf4 {[%clk 1:09:23]} 18... e5 {[%clk 0:49:53]} 19. Bg5 {
[%clk 1:09:44]} 19... Re8 {[%clk 0:45:19]} 20. Nd5 {[%clk 1:06:22]} 20... h6 {
[%clk 0:41:46]} 21. Be3 {[%clk 1:05:41]} 21... Bxd5 {[%clk 0:40:35]} 22. exd5 {
[%clk 1:04:03]} 22... Qd6 {[%clk 0:40:21]} 23. Qc3 {[%clk 1:02:55]} 23... Rac8
{[%clk 0:39:40]} 24. Qd2 {[%clk 1:03:06]} 24... Nf6 {[%clk 0:38:35]} 25. Rac1 {
[%clk 1:02:56]} 25... Red8 {[%clk 0:37:32]} 26. a3 {[%clk 1:02:25]} 26... e4 {
[%clk 0:34:07]} 27. Bxc5 {[%clk 1:02:45]} 27... Rxc5 {[%clk 0:32:24]} 28. Rxc5
{[%clk 1:02:30]} 28... Qxc5 {[%clk 0:32:20]} 29. d6 {[%clk 1:02:02]} 29... e3 {
[%clk 0:29:36]} 30. Qxe3 {[%clk 1:01:38]} 30... Qxe3 {[%clk 0:29:27]} 31. fxe3
{[%clk 1:02:02]} 31... Ne8 {[%clk 0:29:30]} 32. d7 {[%clk 1:02:19]} 32... Nf6 {
[%clk 0:29:52]} 33. Bh3 {[%clk 1:00:30]} 33... Kf8 {[%clk 0:27:27]} 34. Rd6 {
[%clk 1:00:02]} 34... b5 {[%clk 0:24:39]} 35. Rb6 {[%clk 0:58:49]} 35... Nxd7 {
[%clk 0:21:17]} 36. Rxb5 {[%clk 0:52:23]} 36... Nf6 {[%clk 0:21:30]} 37. Rxa5 {
[%clk 0:50:33]} 37... Rd1+ {[%clk 0:21:45]} 38. Bf1 {[%clk 0:50:20]} 38... Ng4
{[%clk 0:21:34]} 39. Rf5 {[%clk 0:49:54]} 39... Rb1 {[%clk 0:16:05]} 40. b4 {
[%clk 0:47:43]} 40... Ra1 {[%clk 0:15:33]} 41. e4 {[%clk 0:46:44]} 41... Rxa3 {
[%clk 0:13:05]} 42. Be2 {[%clk 0:42:19]} 42... Ne3 {[%clk 0:11:45]} 43. Rf3 {
[%clk 0:42:32]} 43... Ra1+ {[%clk 0:11:16]} 44. Kf2 {[%clk 0:42:21]} 44... Ng4+
{[%clk 0:10:05]} 45. Kg2 {[%clk 0:42:45]} 45... Ra2 {[%clk 0:09:45]} 46. Rf2 {
[%clk 0:42:27]} 46... Nxf2 {[%clk 0:09:53]} 47. Kxf2 {[%clk 0:42:53]} 47... Ra4
{[%clk 0:10:02]} 48. b5 {[%clk 0:42:58]} 48... Rxe4 {[%clk 0:10:21]} 49. Kf3 {
[%clk 0:43:25]} 49... Rb4 {[%clk 0:09:41]} 50. g4 {[%clk 0:43:18]} 50... Ke7 {
[%clk 0:08:55]} 51. h4 {[%clk 0:43:41]} 51... Kd6 {[%clk 0:09:03]} 52. Kg3 {
[%clk 0:43:39]} 52... Ke5 {[%clk 0:06:08]} 53. g5 {[%clk 0:43:45]} 53... hxg5 {
[%clk 0:06:02]} 54. hxg5 {[%clk 0:44:09]} 54... Kf5 {[%clk 0:06:25]} 0-1

[Event "DEM U16 2017"]
[Site "Willingen GER"]
[Date "2017.06.07"]
[Round "6"]
[White "Weber, Samuel"]
[Black "Poghosyan, Tigran"]
[Result "0-1"]
[Termination "normal"]
[Board "12"]
[WhiteElo "2039"]
[BlackElo "2207"]
[WhiteClock "00:25:34"]
[BlackClock "00:20:04"]
[PlyCount "102"]
[WhiteFideId "12924008"]
[BlackFideId "12909319"]
[EventCountry "GER"]
[EventRounds "9"]
[EventType "swiss"]
[EventDate "2017.06.03"]

1. e4 {[%clk 1:30:51]} 1... c5 {[%clk 1:30:50]} 2. Nf3 {[%clk 1:31:11]} 2... d6
{[%clk 1:31:15]} 3. g3 {[%clk 1:31:30]} 3... Nc6 {[%clk 1:31:24]} 4. Bg2 {
[%clk 1:31:48]} 4... g6 {[%clk 1:31:30]} 5. d3 {[%clk 1:32:15]} 5... Bg7 {
[%clk 1:31:50]} 6. O-O {[%clk 1:32:31]} 6... e5 {[%clk 1:31:42]} 7. c3 { [%clk
1:32:57]} 7... Nge7 {[%clk 1:32:05]} 8. a3 {[%clk 1:33:08]} 8... O-O { [%clk
1:32:20]} 9. b4 {[%clk 1:33:28]} 9... h6 {[%clk 1:32:03]} 10. Nbd2 { [%clk
1:31:19]} 10... Be6 {[%clk 1:31:40]} 11. Nb3 {[%clk 1:31:34]} 11... c4 { [%clk
0:59:28]} 12. dxc4 {[%clk 1:31:39]} 12... Bxc4 {[%clk 0:59:53]} 13. Re1 { [%clk
1:32:02]} 13... Qc7 {[%clk 0:58:48]} 14. Nfd2 {[%clk 1:31:40]} 14... Be6 {[%clk
0:56:42]} 15. a4 {[%clk 1:30:09]} 15... Rad8 {[%clk 0:51:32]} 16. Ba3 { [%clk
1:12:55]} 16... d5 {[%clk 0:33:36]} 17. b5 {[%clk 1:01:13]} 17... Nb8 { [%clk
0:32:50]} 18. Nc5 {[%clk 0:59:17]} 18... Bc8 {[%clk 0:29:08]} 19. exd5 { [%clk
0:53:40]} 19... Nxd5 {[%clk 0:29:31]} 20. Qb3 {[%clk 0:53:58]} 20... Ne7 {[%clk
0:27:10]} 21. Nce4 {[%clk 0:50:42]} 21... Be6 {[%clk 0:25:51]} 22. Qb4 { [%clk
0:39:35]} 22... Nc8 {[%clk 0:13:20]} 23. Nf1 {[%clk 0:30:54]} 23... b6 { [%clk
0:12:12]} 24. Rad1 {[%clk 0:24:29]} 24... a5 {[%clk 0:11:11]} 25. bxa6 { [%clk
0:15:11]} 25... Nxa6 {[%clk 0:11:27]} 26. Qb5 {[%clk 0:15:36]} 26... Bc4 {[%clk
0:11:41]} 27. Qb2 {[%clk 0:16:04]} 27... Rfe8 {[%clk 0:11:44]} 28. Ne3 { [%clk
0:16:31]} 28... Be6 {[%clk 0:09:07]} 29. Qb5 {[%clk 0:15:28]} 29... Nb8 { [%clk
0:09:23]} 30. c4 {[%clk 0:15:14]} 30... Na7 {[%clk 0:05:46]} 31. Qb3 { [%clk
0:14:47]} 31... f5 {[%clk 0:01:37]} 32. Nc3 {[%clk 0:14:29]} 32... Nd7 { [%clk
0:00:56]} 33. Ned5 {[%clk 0:13:23]} 33... Qb8 {[%clk 0:00:56]} 34. Bd6 { [%clk
0:11:49]} 34... Qxd6 {[%clk 0:00:55]} 35. Nf6+ {[%clk 0:12:14]} 35... Nxf6
{[%clk 0:01:19]} 36. Rxd6 {[%clk 0:12:24]} 36... Rxd6 {[%clk 0:01:49]} 37. Rxe5
{[%clk 0:10:03]} 37... Nd7 {[%clk 0:01:10]} 38. Rxe6 {[%clk 0:07:11]} 38...
Rexe6 {[%clk 0:00:46]} 39. Bd5 {[%clk 0:07:35]} 39... Nc5 {[%clk 0:00:46] } 40.
Qc2 {[%clk 0:07:09]} 40... Kh7 {[%clk 0:00:37]} 41. Bxe6 {[%clk 0:07:33]} 41...
Rxe6 {[%clk 0:26:07]} 42. Nd5 {[%clk 0:37:04]} 42... Nc6 {[%clk 0:25:10]} 43.
Qb1 {[%clk 0:36:16]} 43... Nd4 {[%clk 0:24:56]} 44. Qb4 {[%clk 0:32:46]} 44...
Nd3 {[%clk 0:19:14]} 45. Qa3 {[%clk 0:31:51]} 45... Ne1 {[%clk 0:19:37]} 46. a5
{[%clk 0:28:23]} 46... Nef3+ {[%clk 0:19:09]} 47. Kg2 {[%clk 0:27:52]} 47...
Re1 {[%clk 0:18:57]} 48. h4 {[%clk 0:27:59]} 48... g5 {[%clk 0:19:06]} 49. hxg5
{[%clk 0:24:56]} 49... Rg1+ {[%clk 0:19:15]} 50. Kh3 {[%clk 0:25:18]} 50...
Nxg5+ {[%clk 0:19:40]} 51. Kh2 {[%clk 0:25:34]} 51... Ndf3+ { [%clk 0:20:04]}
0-1

[Event "DEM U16 2017"]
[Site "Willingen GER"]
[Date "2017.06.07"]
[Round "6"]
[White "Köllner, Aaron Noah"]
[Black "Woithe, Daniel"]
[Result "1-0"]
[Termination "normal"]
[Board "13"]
[WhiteElo "1967"]
[BlackElo "1745"]
[WhiteClock "00:42:58"]
[BlackClock "00:02:01"]
[PlyCount "109"]
[WhiteFideId "12993085"]
[BlackFideId "16244648"]
[EventCountry "GER"]
[EventRounds "9"]
[EventType "swiss"]
[EventDate "2017.06.03"]

1. d4 {[%clk 1:30:57]} 1... d5 {[%clk 1:30:52]} 2. Nc3 {[%clk 1:31:21]} 2...
Nf6 {[%clk 1:31:04]} 3. Bf4 {[%clk 1:31:46]} 3... c6 {[%clk 1:30:17]} 4. e3 {
[%clk 1:32:05]} 4... Bf5 {[%clk 1:27:47]} 5. f3 {[%clk 1:32:16]} 5... e6 {
[%clk 1:27:42]} 6. g4 {[%clk 1:32:42]} 6... Bg6 {[%clk 1:27:46]} 7. h4 { [%clk
1:33:09]} 7... h5 {[%clk 1:27:06]} 8. g5 {[%clk 1:33:34]} 8... Nfd7 { [%clk
1:27:24]} 9. Bd3 {[%clk 1:33:32]} 9... Bxd3 {[%clk 1:27:07]} 10. Qxd3 { [%clk
1:33:56]} 10... Be7 {[%clk 1:14:13]} 11. O-O-O {[%clk 1:33:44]} 11... Na6
{[%clk 1:10:51]} 12. Nh3 {[%clk 1:29:19]} 12... g6 {[%clk 0:59:11]} 13. e4 {
[%clk 1:29:11]} 13... Qa5 {[%clk 0:59:08]} 14. Qe3 {[%clk 1:24:36]} 14... Bb4 {
[%clk 0:56:13]} 15. a3 {[%clk 1:12:05]} 15... Bxc3 {[%clk 0:56:03]} 16. Qxc3 {
[%clk 1:12:20]} 16... Qxc3 {[%clk 0:56:01]} 17. bxc3 {[%clk 1:12:42]} 17... Nb6
{[%clk 0:55:15]} 18. Kd2 {[%clk 0:54:44]} 18... Nc4+ {[%clk 0:51:15]} 19. Kd3 {
[%clk 0:55:01]} 19... Nb2+ {[%clk 0:51:15]} 20. Kd2 {[%clk 0:55:21]} 20... Nxd1
{[%clk 0:51:15]} 21. Rxd1 {[%clk 0:55:38]} 21... Kd7 {[%clk 0:47:53]} 22. Rb1 {
[%clk 0:55:28]} 22... b6 {[%clk 0:48:06]} 23. Nf2 {[%clk 0:55:00]} 23... Nc7 {
[%clk 0:43:17]} 24. Nd3 {[%clk 0:54:30]} 24... Na6 {[%clk 0:18:40]} 25. Ne5+ {
[%clk 0:53:38]} 25... Ke8 {[%clk 0:17:46]} 26. Nxc6 {[%clk 0:53:44]} 26... Kd7
{[%clk 0:17:16]} 27. Ne5+ {[%clk 0:53:51]} 27... Ke8 {[%clk 0:16:40]} 28. exd5
{[%clk 0:53:40]} 28... exd5 {[%clk 0:16:43]} 29. Re1 {[%clk 0:53:36]} 29... Kf8
{[%clk 0:16:09]} 30. Nd7+ {[%clk 0:52:40]} 30... Kg8 {[%clk 0:13:51]} 31. Be5 {
[%clk 0:52:38]} 31... f6 {[%clk 0:12:34]} 32. Bxf6 {[%clk 0:46:19]} 32... Rh7 {
[%clk 0:12:38]} 33. Ne5 {[%clk 0:46:44]} 33... Re8 {[%clk 0:12:22]} 34. Nxg6 {
[%clk 0:46:09]} 34... Rxe1 {[%clk 0:12:45]} 35. Kxe1 {[%clk 0:46:35]} 35... Nc7
{[%clk 0:10:34]} 36. Kd2 {[%clk 0:45:16]} 36... Ne8 {[%clk 0:08:47]} 37. Be5 {
[%clk 0:44:49]} 37... Rf7 {[%clk 0:07:44]} 38. Ke3 {[%clk 0:44:45]} 38... Ng7 {
[%clk 0:07:21]} 39. Bxg7 {[%clk 0:41:49]} 39... Kxg7 {[%clk 0:04:51]} 40. Ne5 {
[%clk 0:42:14]} 40... Rc7 {[%clk 0:03:31]} 41. Kd3 {[%clk 0:40:37]} 41... b5 {
[%clk 0:01:23]} 42. f4 {[%clk 0:40:43]} 42... Rb7 {[%clk 0:00:39]} 43. f5 {
[%clk 0:40:19]} 43... Rb6 {[%clk 0:00:40]} 44. f6+ {[%clk 0:40:43]} 44... Kg8 {
[%clk 0:00:34]} 45. f7+ {[%clk 0:40:46]} 45... Kg7 {[%clk 0:00:35]} 46. f8=Q+
Kxf8 47. Nd7+ {[%clk 0:40:09]} 47... Ke7 {[%clk 0:00:51]} 48. Nxb6 { [%clk
0:40:32]} 48... axb6 {[%clk 0:01:01]} 49. Ke3 {[%clk 0:40:57]} 49... Kf7 {[%clk
0:01:14]} 50. Kf4 {[%clk 0:41:22]} 50... Ke6 {[%clk 0:01:28]} 51. g6 { [%clk
0:41:26]} 51... Kf6 {[%clk 0:01:51]} 52. g7 {[%clk 0:41:52]} 52... Kxg7 { [%clk
0:02:17]} 53. Ke5 {[%clk 0:42:17]} 53... Kg6 {[%clk 0:02:22]} 54. Kxd5 { [%clk
0:42:41]} 54... Kf5 {[%clk 0:02:01]} 55. Kc6 {[%clk 0:42:58]} 1-0

[Event "DEM U16 2017"]
[Site "Willingen GER"]
[Date "2017.06.07"]
[Round "6"]
[White "Lange, Jannis"]
[Black "Recktenwald, Cedric"]
[Result "1-0"]
[Termination "normal"]
[Board "14"]
[WhiteElo "1843"]
[BlackElo "1788"]
[WhiteClock "00:22:55"]
[BlackClock "00:11:58"]
[PlyCount "55"]
[WhiteFideId "12993107"]
[BlackFideId "12971928"]
[EventCountry "GER"]
[EventRounds "9"]
[EventType "swiss"]
[EventDate "2017.06.03"]

1. e4 {[%clk 1:30:55]} 1... e6 {[%clk 1:30:53]} 2. d4 {[%clk 1:31:18]} 2... d5
{[%clk 1:31:14]} 3. Nc3 {[%clk 1:31:43]} 3... Bb4 {[%clk 1:31:40]} 4. e5 {
[%clk 1:32:07]} 4... c5 {[%clk 1:31:58]} 5. a3 {[%clk 1:32:28]} 5... Bxc3+ {
[%clk 1:32:22]} 6. bxc3 {[%clk 1:32:54]} 6... Ne7 {[%clk 1:32:39]} 7. Qg4 {
[%clk 1:33:13]} 7... O-O {[%clk 1:33:02]} 8. Bd3 {[%clk 1:33:34]} 8... Nbc6 {
[%clk 1:33:25]} 9. Qh5 {[%clk 1:33:30]} 9... Ng6 {[%clk 1:33:36]} 10. Nf3 {
[%clk 1:32:43]} 10... Qc7 {[%clk 1:31:58]} 11. Be3 {[%clk 1:32:24]} 11... c4 {
[%clk 1:29:37]} 12. Bxg6 {[%clk 1:32:14]} 12... fxg6 {[%clk 1:29:52]} 13. Qg4 {
[%clk 1:32:23]} 13... Qf7 {[%clk 1:20:38]} 14. Ng5 {[%clk 1:32:40]} 14... Qf5 {
[%clk 1:21:02]} 15. Qe2 {[%clk 1:33:03]} 15... Rd8 {[%clk 1:16:08]} 16. g4 {
[%clk 1:22:39]} 16... Qf8 {[%clk 1:16:06]} 17. h4 {[%clk 1:22:24]} 17... h6 {
[%clk 1:12:24]} 18. Nh3 {[%clk 1:21:26]} 18... Ne7 {[%clk 1:08:58]} 19. h5 {
[%clk 1:07:08]} 19... Qf7 {[%clk 0:50:41]} 20. hxg6 {[%clk 0:56:44]} 20... Qxg6
{[%clk 0:40:28]} 21. g5 {[%clk 0:55:40]} 21... Nf5 {[%clk 0:38:10]} 22. Kd2 {
[%clk 0:54:59]} 22... Nxe3 {[%clk 0:34:14]} 23. Qxe3 {[%clk 0:53:27]} 23...
hxg5 {[%clk 0:29:36]} 24. Nxg5 {[%clk 0:49:01]} 24... Bd7 {[%clk 0:27:03]} 25.
a4 {[%clk 0:43:26]} 25... Be8 {[%clk 0:20:04]} 26. Qf4 {[%clk 0:27:10]} 26...
Bc6 {[%clk 0:15:10]} 27. Rh2 {[%clk 0:23:44]} 27... Rf8 {[%clk 0:11:58]} 28.
Rah1 {[%clk 0:22:55]} 1-0